| 000 | 00590nam a2200193 u 4500 | ||
|---|---|---|---|
| 005 | 20240910064334.0 | ||
| 008 | 091119s2004 es r 000 0 spa d | ||
| 020 | _a8448140168 | ||
| 035 | _aUPN01000173840 | ||
| 049 | _aCG | ||
| 050 | 4 |
_aLC4704 _bI5.7 |
|
| 245 | 0 | 0 |
_aIntroducción a las dificultades del aprendizaje / _ccoord. Antonio Aguilera Jiménez. |
| 260 |
_aMadrid : _bMcGraw-Hill, _cc2004. |
||
| 300 |
_axiv, 338 p. : _bcuadros |
||
| 650 | 4 |
_aAprendizaje _92861 |
|
| 650 | 2 |
_aTrastornos del aprendizaje _96765 |
|
| 700 | 1 |
_aAguilera Jiménez, Antonio, _ecoord. |
|
| 905 | _aLibro | ||
| 999 |
_c145944 _d145944 |
||